000 00561nam a2200193 i 4500
001 19587
003 ES-MaACL
005 20250731030156.0
007 t|
008 021004s1878 sp ||||1| spa d
100 1 _aAbela y Sainz de Andino, Eduardo,
_d1836-1908
_918036
245 1 0 _aAgricultura elemental /
_cEdurado Abela y Sáinz de Andino.
250 _a2ª ed.
260 _aMadrid :
_bManuel G. Hernández,
_c1878.
300 _aXIII, 648 p. ;
_c21 cm.
650 0 7 _aAgricultura
_2embne
_99670
852 _aES-MaACL
_jC-3315
999 _c19587
_d19587